000 00644nam a2200289Ia 4500
005 20260324150604.0
008 008 260324s9999 xx 000 0 eng d
020 _a9781003527558
037 _aEBOOK
040 _aCRL
040 _beng
040 _cCRL
041 _2eng
041 _aeng
084 _qCRL
100 _aF.S.L. Lyons
_91226943
245 4 _aThe Fall of Parnell
245 0 _b1890-91
260 _bTaylor and Francis
260 _c1960
365 _a
365 _b135
856 _uhttp://www.taylorfrancis.com/books/9781003527558
942 _cEBOOK
999 _c1836642
_d1836642